Biblioteca ATRIUM de la Construcción : Necesidades Constructivas
| Main Author: | |
|---|---|
| Format: | Section = Libro |
| Language: | Undetermined Spanish |
| Published: |
España
OCEANO
2006
|
| Subjects: |
| LEADER | 00648nam a2200241Ia 4500 | ||
|---|---|---|---|
| 008 | 240830s9999 xx 000 0 und d | ||
| 020 | |a 84-7764-764-X | ||
| 040 | |a B-ESTELÍ- RUACS / Ref 690 E77 | ||
| 041 | |a spa | ||
| 082 | |a Ref 690 E77 | ||
| 100 | 1 | |a España. Océano/Centrum | |
| 245 | 1 | 0 | |a Biblioteca ATRIUM de la Construcción : Necesidades Constructivas |
| 260 | |a España |b OCEANO |c 2006 | ||
| 300 | |a 127 p:il | ||
| 650 | 7 | |a PROYECTOS | |
| 650 | 7 | |b VALORACIONES | |
| 650 | 7 | |c PRESUPUESTO DE CONSTRUCCION | |
| 650 | 7 | |d DEMOLICIONES | |
| 650 | 7 | |e ANDAMIOS | |
| 650 | 7 | |f TOPOGRAFIA | |
| 942 | |c BK |2 ddc | ||
| 991 | |a TEXTO | ||
| 999 | |c 11769 | ||